College physics / (Record no. 7903)

MARC details
000 -LEADER
fixed length control field 00978cam a22003017a 4500
001 - CONTROL NUMBER
control field 13725575
003 - CONTROL NUMBER IDENTIFIER
control field mut
005 - DATE AND TIME OF LATEST TRANSACTION
control field 20240606081044.0
008 - FIXED-LENGTH DATA ELEMENTS--GENERAL INFORMATION
fixed length control field 040921s2006 caua 001 0 eng d
010 ## - LIBRARY OF CONGRESS CONTROL NUMBER
LC control number 2004113839
020 ## - INTERNATIONAL STANDARD BOOK NUMBER
International Standard Book Number 0534997236 (Student ed.)
035 ## - SYSTEM CONTROL NUMBER
System control number (OCoLC)ocm60424767
040 ## - CATALOGING SOURCE
Original cataloging agency ERE
Transcribing agency ERE
Modifying agency OCL
-- DLC
042 ## - AUTHENTICATION CODE
Authentication code lccopycat
050 00 - LIBRARY OF CONGRESS CALL NUMBER
Classification number QC21.3
Item number .S46 2006
082 00 - DEWEY DECIMAL CLASSIFICATION NUMBER
Classification number 530
Edition information 22
100 1# - MAIN ENTRY--PERSONAL NAME
Personal name Serway, Raymond A.
245 10 - TITLE STATEMENT
Title College physics /
250 ## - EDITION STATEMENT
Edition statement 7th ed.
260 ## - PUBLICATION, DISTRIBUTION, ETC.
Place of publication, distribution, etc. Pacific Grove, CA :
Name of publisher, distributor, etc. Thomson-Brooks/Cole,
Date of publication, distribution, etc. c2006.
300 ## - PHYSICAL DESCRIPTION
Extent xxxii, 1008, 46, 3, 14 p. :
Other physical details ill. (some col.) ;
Dimensions 29 cm.
500 ## - GENERAL NOTE
General note Includes index.
650 #0 - SUBJECT ADDED ENTRY--TOPICAL TERM
Topical term or geographic name entry element Physics.
650 #0 - SUBJECT ADDED ENTRY--TOPICAL TERM
Topical term or geographic name entry element Physics
Form subdivision Problems, exercises, etc.
906 ## - LOCAL DATA ELEMENT F, LDF (RLIN)
a 7
b cbc
c copycat
d 3
e epcn
f 20
g y-gencatlg
942 ## - ADDED ENTRY ELEMENTS (KOHA)
Source of classification or shelving scheme Library of Congress Classification
Koha item type Books
Holdings
Withdrawn status Lost status Source of classification or shelving scheme Damaged status Not for loan Home library Current library Date acquired Total checkouts Full call number Barcode Date last seen Price effective from Koha item type
    Library of Congress Classification     Murang'a University of Technology Library Murang'a University of Technology Library 19/04/2017   QC21.3 .S46 2006 008157 19/04/2017 19/04/2017 Books